[Event "Greek Team Championship"]
[Site "chess24.com"]
[Date "2017.07.03"]
[Round "1"]
[White "Nikolakopoulos, Dimitrios"]
[Black "Gkaripis, Marios Ilias"]
[Result "1-0"]
[Board "10"]
[WhiteElo "1280"]
[WhiteCountry "GRE"]
[WhiteFideId "25825135"]
[WhiteEloChange "7"]
[BlackElo "1187"]
[BlackCountry "GRE"]
[BlackFideId "25825801"]
[BlackEloChange "-7"]

1. e4 {[%clk 1:30:54]} e5 {[%clk 1:30:51]} 2. Nf3 {[%clk 1:31:14]} Nc6 {[%clk
1:31:06]} 3. Bb5 {[%clk 1:31:32]} a6 {[%clk 1:31:16]} 4. Ba4 {[%clk 1:31:48]} Nf6
{[%clk 1:31:33]} 5. d3 {[%clk 1:31:56]} Bc5 {[%clk 1:31:15]} 6. c3 {[%clk
1:31:54]} d6 {[%clk 1:31:10]} 7. O-O {[%clk 1:31:34]} O-O {[%clk 1:30:50]} 8. h3
{[%clk 1:30:38]} Ba7 {[%clk 1:28:10]} 9. Re1 {[%clk 1:29:16]} b5 {[%clk 1:26:34]}
10. Bb3 {[%clk 1:28:06]} Na5 {[%clk 1:25:46]} 11. Bc2 {[%clk 1:28:13]} c5 {[%clk
1:25:06]} 12. Nbd2 {[%clk 1:27:43]} Nc6 {[%clk 1:24:51]} 13. Nf1 {[%clk 1:27:38]}
h6 {[%clk 1:22:00]} 14. Ng3 {[%clk 1:26:19]} Be6 {[%clk 1:21:36]} 15. Qe2 {[%clk
1:17:58]} Qd7 {[%clk 1:19:58]} 16. Nh4 {[%clk 1:07:37]} Ne7 {[%clk 1:18:13]} 17.
Qf3 {[%clk 1:02:25]} Rab8 {[%clk 1:14:33]} 18. Bxh6 {[%clk 0:55:03]} Nxe4 {[%clk
0:59:57]} 19. Nxe4 {[%clk 0:54:07]} f5 {[%clk 0:56:27]} 20. Qg3 {[%clk 0:51:26]}
Nc8 {[%clk 0:53:56]} 21. Nxd6 {[%clk 0:45:57]} Nxd6 {[%clk 0:51:34]} 22. Qxe5
{[%clk 0:45:59]} Rbe8 {[%clk 0:47:46]} 23. Qg3 {[%clk 0:41:57]} Rf6 {[%clk
0:41:46]} 24. Bf4 {[%clk 0:39:41]} Nf7 {[%clk 0:34:51]} 25. Nf3 {[%clk 0:34:05]}
Rd8 {[%clk 0:29:08]} 26. Ne5 {[%clk 0:32:44]} Nxe5 {[%clk 0:28:18]} 27. Bxe5
{[%clk 0:32:59]} Rf7 {[%clk 0:27:46]} 28. Qg6 {[%clk 0:29:42]} Bd5 {[%clk
0:25:30]} 29. Qxa6 {[%clk 0:26:38]} Re8 {[%clk 0:23:54]} 30. Qg6 {[%clk 0:22:32]}
Rfe7 {[%clk 0:21:44]} 31. Qg3 {[%clk 0:22:37]} Bb8 {[%clk 0:18:38]} 32. f4 {[%clk
0:22:50]} Bxe5 {[%clk 0:17:58]} 33. Rxe5 {[%clk 0:22:31]} Rxe5 {[%clk 0:17:03]}
34. fxe5 {[%clk 0:22:51]} Qc7 {[%clk 0:16:57]} 35. Bb3 {[%clk 0:20:05]} c4 {[%clk
0:14:24]} 36. dxc4 {[%clk 0:20:16]} bxc4 {[%clk 0:13:56]} 37. Bc2 {[%clk
0:19:45]} Rxe5 {[%clk 0:12:22]} 38. Re1 {[%clk 0:18:43]} Rxe1+ {[%clk 0:11:44]}
39. Qxe1 {[%clk 0:19:06]} Qc6 {[%clk 0:08:55]} 40. Bxf5 {[%clk 0:47:14]} Qc5+
{[%clk 0:30:40]} 41. Qf2 {[%clk 0:47:37]} Qc6 {[%clk 0:28:07]} 42. g4 {[%clk
0:46:05]} Be4 {[%clk 0:25:15]} 43. Qd4 {[%clk 0:43:40]} Bxf5 {[%clk 0:22:18]} 44.
gxf5 {[%clk 0:43:12]} Qa6 {[%clk 0:20:48]} 45. a3 {[%clk 0:43:18]} Qb5 {[%clk
0:19:56]} 46. h4 {[%clk 0:42:48]} Qxb2 {[%clk 0:19:10]} 47. Qxc4+ {[%clk
0:43:09]} Kh7 {[%clk 0:18:40]} 48. Qd3 {[%clk 0:40:27]} Qc1+ {[%clk 0:17:52]} 49.
Kg2 {[%clk 0:40:40]} Kh6 {[%clk 0:16:45]} 50. a4 {[%clk 0:40:35]} Qf4 {[%clk
0:16:10]} 51. a5 {[%clk 0:40:23]} Qg4+ {[%clk 0:15:23]} 52. Kh2 {[%clk 0:40:38]}
Qf4+ {[%clk 0:15:27]} 53. Qg3 {[%clk 0:40:52]} Qd2+ {[%clk 0:13:45]} 54. Kh3
{[%clk 0:41:14]} Qe2 {[%clk 0:12:19]} 55. Qg6# {[%clk 0:41:29]} 1-0

[Event "Greek Team Championship"]
[Site "chess24.com"]
[Date "2017.07.03"]
[Round "1"]
[White "Macieja, Bartlomiej"]
[Black "Argiroudis, Stamatis"]
[Result "1-0"]
[Board "1"]
[WhiteElo "2537"]
[WhiteTitle "GM"]
[WhiteCountry "POL"]
[WhiteFideId "1104306"]
[WhiteEloChange "2"]
[BlackElo "2276"]
[BlackCountry "GRE"]
[BlackFideId "4202210"]
[BlackEloChange "-4"]

1. e4 {[%clk 1:30:57]} c5 {[%clk 1:30:38]} 2. Nf3 {[%clk 1:31:23]} e6 {[%clk
1:30:54]} 3. b3 {[%clk 1:27:58]} a6 {[%clk 1:28:38]} 4. Bb2 {[%clk 1:28:19]} Nc6
{[%clk 1:27:47]} 5. c4 {[%clk 1:05:14]} Qc7 {[%clk 1:20:56]} 6. g3 {[%clk
0:56:56]} d6 {[%clk 1:13:40]} 7. d4 {[%clk 0:54:17]} cxd4 {[%clk 1:13:52]} 8.
Nxd4 {[%clk 0:54:40]} Nf6 {[%clk 1:13:36]} 9. Nxc6 {[%clk 0:45:46]} Qxc6 {[%clk
1:12:23]} 10. Bg2 {[%clk 0:46:03]} Be7 {[%clk 0:53:11]} 11. O-O {[%clk 0:44:08]}
Qc7 {[%clk 0:50:44]} 12. Qe2 {[%clk 0:35:37]} O-O {[%clk 0:48:57]} 13. Nc3 {[%clk
0:21:12]} Bd7 {[%clk 0:39:11]} 14. Rac1 {[%clk 0:12:29]} Bc6 {[%clk 0:30:26]} 15.
Rfe1 {[%clk 0:05:50]} Qb6 {[%clk 0:20:17]} 16. Red1 {[%clk 0:01:45]} Rfd8 {[%clk
0:15:50]} 17. Nd5 {[%clk 0:00:38]} Bxd5 {[%clk 0:03:35]} 18. exd5 {[%clk
0:00:47]} e5 {[%clk 0:03:51]} 19. c5 {[%clk 0:00:58]} dxc5 {[%clk 0:02:57]} 20.
Bxe5 {[%clk 0:01:22]} Re8 {[%clk 0:02:27]} 21. Qf3 {[%clk 0:00:34]} Nd7 {[%clk
0:02:39]} 22. Bxg7 {[%clk 0:00:54]} Bg5 {[%clk 0:02:10]} 23. Qg4 {[%clk 0:00:33]}
Qg6 {[%clk 0:02:25]} 24. f4 {[%clk 0:00:37]} Bxf4 {[%clk 0:01:50]} 25. Qxf4
{[%clk 0:00:58]} Kxg7 {[%clk 0:01:58]} 26. d6 {[%clk 0:01:21]} Rab8 {[%clk
0:02:15]} 27. Bh3 {[%clk 0:01:13]} Re4 {[%clk 0:02:07]} 28. Qf1 {[%clk 0:00:53]}
Ne5 {[%clk 0:01:24]} 29. Bf5 {[%clk 0:01:05]} Qg5 {[%clk 0:01:49]} 30. Bxe4
{[%clk 0:01:18]} Qe3+ {[%clk 0:02:15]} 31. Kh1 {[%clk 0:01:18]} Qxe4+ {[%clk
0:02:38]} 32. Qg2 {[%clk 0:01:47]} Qg4 {[%clk 0:02:44]} 33. Rd5 {[%clk 0:01:18]}
Nd7 {[%clk 0:02:06]} 34. Re1 {[%clk 0:01:24]} Rd8 {[%clk 0:02:02]} 35. h3 {[%clk
0:00:49]} Qb4 {[%clk 0:01:51]} 36. Qd2 {[%clk 0:00:58]} Qb6 {[%clk 0:01:10]} 37.
Qg5+ {[%clk 0:00:34]} Kh8 {[%clk 0:01:18]} 38. Qe7 {[%clk 0:00:55]} Nf8 {[%clk
0:01:14]} 39. Qxf7 {[%clk 0:01:04]} 1-0

[Event "Greek Team Championship"]
[Site "chess24.com"]
[Date "2017.07.03"]
[Round "1"]
[White "Hadzimanolis, Antonios"]
[Black "Moutousis, Konstantinos"]
[Result "1/2-1/2"]
[Board "2"]
[WhiteElo "2237"]
[WhiteTitle "FM"]
[WhiteCountry "GRE"]
[WhiteFideId "4202813"]
[WhiteEloChange "5"]
[BlackElo "2413"]
[BlackTitle "IM"]
[BlackCountry "GRE"]
[BlackFideId "4200071"]
[BlackEloChange "-2"]

1. e4 {[%clk 1:30:30]} e6 {[%clk 1:26:05]} 2. d4 {[%clk 1:30:26]} d5 {[%clk
1:26:05]} 3. exd5 {[%clk 1:29:30]} exd5 {[%clk 1:26:30]} 4. c4 {[%clk 1:29:54]}
Nf6 {[%clk 1:26:00]} 5. Nc3 {[%clk 1:29:45]} Bb4 {[%clk 1:26:12]} 6. Bd3 {[%clk
1:28:16]} O-O {[%clk 1:26:20]} 7. Ne2 {[%clk 1:28:38]} dxc4 {[%clk 1:18:41]} 8.
Bxc4 {[%clk 1:28:51]} Nc6 {[%clk 1:19:07]} 9. O-O {[%clk 1:27:39]} a6 {[%clk
1:19:18]} 10. Bg5 {[%clk 1:19:24]} Be7 {[%clk 1:17:30]} 11. Rc1 {[%clk 1:14:42]}
h6 {[%clk 1:08:29]} 12. Bh4 {[%clk 1:11:51]} Bf5 {[%clk 1:08:47]} 13. d5 {[%clk
0:56:10]} Nxd5 {[%clk 0:39:25]} 14. Bxd5 {[%clk 0:48:44]} Bxh4 {[%clk 0:39:45]}
15. Bxc6 {[%clk 0:48:19]} bxc6 {[%clk 0:37:59]} 16. Nd4 {[%clk 0:48:21]} Bd7
{[%clk 0:30:06]} 17. Ne4 {[%clk 0:34:44]} Bf6 {[%clk 0:25:14]} 18. Nxc6 {[%clk
0:29:35]} Bxc6 {[%clk 0:25:27]} 19. Qxd8 {[%clk 0:28:14]} Rfxd8 {[%clk 0:24:52]}
20. Nxf6+ {[%clk 0:27:30]} gxf6 {[%clk 0:25:18]} 21. Rxc6 {[%clk 0:27:53]} Rd2
{[%clk 0:25:45]} 22. Rxf6 {[%clk 0:22:32]} Kg7 {[%clk 0:26:06]} 23. Rc6 {[%clk
0:12:56]} Rxb2 {[%clk 0:26:03]} 24. a4 {[%clk 0:13:13]} Ra2 {[%clk 0:26:10]} 25.
Rc4 {[%clk 0:09:54]} Rd8 {[%clk 0:19:24]} 26. g3 {[%clk 0:09:28]} c5 {[%clk
0:14:22]} 27. Rxc5 {[%clk 0:03:32]} Rxa4 {[%clk 0:14:43]} 28. Re1 {[%clk
0:03:52]} Rd6 {[%clk 0:14:12]} 29. Re2 {[%clk 0:03:46]} Ra3 {[%clk 0:13:45]} 30.
Kg2 {[%clk 0:03:58]} Rd7 {[%clk 0:12:26]} 31. Re4 {[%clk 0:03:46]} Rd6 {[%clk
0:11:23]} 32. Rg4+ {[%clk 0:02:12]} Rg6 {[%clk 0:11:10]} 33. Rf4 {[%clk 0:02:24]}
Rf6 {[%clk 0:11:30]} 34. Rxf6 {[%clk 0:01:50]} Kxf6 {[%clk 0:11:54]} 35. h4
{[%clk 0:01:58]} a5 {[%clk 0:11:14]} 36. f4 {[%clk 0:01:06]} a4 {[%clk 0:10:16]}
37. Kh3 {[%clk 0:01:13]} Rb3 {[%clk 0:09:27]} 38. Ra5 {[%clk 0:01:18]} a3 {[%clk
0:09:29]} 39. Kg4 {[%clk 0:00:52]} Kg7 {[%clk 0:08:54]} 40. h5 {[%clk 0:30:40]}
Rc3 {[%clk 0:36:10]} 41. Ra6 {[%clk 0:30:21]} Rb3 {[%clk 0:30:44]} 42. f5 {[%clk
0:27:23]} f6 {[%clk 0:19:57]} 43. Kf4 {[%clk 0:27:19]} Kf7 {[%clk 0:19:08]} 44.
Ra7+ {[%clk 0:14:41]} Ke8 {[%clk 0:15:12]} 45. g4 {[%clk 0:14:01]} Kd8 {[%clk
0:13:41]} 46. Ke4 {[%clk 0:14:26]} Kc8 {[%clk 0:12:28]} 47. Kd5 {[%clk 0:14:47]}
Kb8 {[%clk 0:12:51]} 48. Ra4 {[%clk 0:13:57]} Re3 {[%clk 0:11:12]} 49. Kd4 {[%clk
0:09:08]} Rg3 {[%clk 0:10:57]} 50. Kd5 {[%clk 0:09:31]} Re3 {[%clk 0:11:14]} 51.
Kd4 {[%clk 0:09:58]} Rg3 {[%clk 0:11:38]} 52. Kd5 {[%clk 0:10:21]} Re3 {[%clk
0:12:03]} 1/2-1/2

[Event "Greek Team Championship"]
[Site "chess24.com"]
[Date "2017.07.03"]
[Round "1"]
[White "Mihailidis, Anastasios"]
[Black "Vragoteris, Antonios"]
[Result "1/2-1/2"]
[Board "3"]
[WhiteElo "2302"]
[WhiteTitle "FM"]
[WhiteCountry "GRE"]
[WhiteFideId "4205588"]
[WhiteEloChange "-3"]
[BlackElo "2212"]
[BlackTitle "FM"]
[BlackCountry "GRE"]
[BlackFideId "4200110"]
[BlackEloChange "3"]

1. e4 {[%clk 1:30:58]} c5 {[%clk 1:24:05]} 2. c3 {[%clk 1:30:36]} d5 {[%clk
1:23:19]} 3. exd5 {[%clk 1:30:52]} Qxd5 {[%clk 1:23:26]} 4. d4 {[%clk 1:31:09]}
Nf6 {[%clk 1:23:22]} 5. Nf3 {[%clk 1:31:30]} Bg4 {[%clk 1:22:51]} 6. dxc5 {[%clk
1:30:32]} Qxc5 {[%clk 1:21:55]} 7. Na3 {[%clk 1:28:56]} a6 {[%clk 1:21:19]} 8.
Qa4+ {[%clk 1:24:20]} Nbd7 {[%clk 1:17:35]} 9. Be3 {[%clk 1:23:13]} Qc8 {[%clk
1:17:25]} 10. Be2 {[%clk 1:10:04]} e5 {[%clk 1:08:06]} 11. Nxe5 {[%clk 0:38:47]}
b5 {[%clk 1:08:07]} 12. Qxg4 {[%clk 0:35:03]} Nxg4 {[%clk 1:07:14]} 13. Bxg4
{[%clk 0:35:16]} Nxe5 {[%clk 1:07:33]} 14. Bxc8 {[%clk 0:35:35]} Rxc8 {[%clk
1:07:51]} 15. O-O {[%clk 0:22:09]} Bxa3 {[%clk 1:07:50]} 16. bxa3 {[%clk
0:22:37]} O-O {[%clk 1:07:58]} 17. Bd4 {[%clk 0:21:40]} Nc4 {[%clk 1:07:19]} 18.
a4 {[%clk 0:18:51]} bxa4 {[%clk 1:05:19]} 19. Rfe1 {[%clk 0:16:55]} Rfe8 {[%clk
1:03:14]} 20. Kf1 {[%clk 0:16:38]} Nd2+ {[%clk 1:03:34]} 21. Kg1 {[%clk 0:17:05]}
Nc4 {[%clk 1:03:48]} 22. Kf1 {[%clk 0:17:31]} Nd2+ {[%clk 1:03:54]} 23. Kg1
{[%clk 0:17:58]} Nc4 {[%clk 1:03:54]} 1/2-1/2

[Event "Greek Team Championship"]
[Site "chess24.com"]
[Date "2017.07.03"]
[Round "1"]
[White "Gavriilidis, Georgios"]
[Black "Tzouganakis, Panteleimon"]
[Result "1-0"]
[Board "4"]
[WhiteElo "2131"]
[WhiteCountry "GRE"]
[WhiteFideId "4206894"]
[WhiteEloChange "13"]
[BlackElo "2227"]
[BlackCountry "GRE"]
[BlackFideId "4215826"]
[BlackEloChange "-13"]

1. d4 {[%clk 1:30:53]} Nf6 {[%clk 1:30:33]} 2. c4 {[%clk 1:31:16]} d6 {[%clk
1:30:44]} 3. Nc3 {[%clk 1:31:39]} Nbd7 {[%clk 1:27:21]} 4. Nf3 {[%clk 1:27:41]}
e5 {[%clk 1:25:55]} 5. Bg5 {[%clk 1:28:03]} Be7 {[%clk 1:25:59]} 6. Qc2 {[%clk
1:28:15]} h6 {[%clk 1:22:20]} 7. Bh4 {[%clk 1:27:32]} O-O {[%clk 1:19:43]} 8.
O-O-O {[%clk 1:27:39]} exd4 {[%clk 1:18:00]} 9. Nxd4 {[%clk 1:27:51]} Ne5 {[%clk
1:16:26]} 10. e3 {[%clk 1:26:20]} c6 {[%clk 1:13:31]} 11. Nf5 {[%clk 1:26:22]}
Bxf5 {[%clk 1:13:18]} 12. Qxf5 {[%clk 1:26:45]} Qc7 {[%clk 1:09:34]} 13. Kb1
{[%clk 1:25:17]} a6 {[%clk 0:57:09]} 14. Be2 {[%clk 1:06:13]} b5 {[%clk 0:53:48]}
15. c5 {[%clk 1:05:38]} d5 {[%clk 0:52:47]} 16. Bg3 {[%clk 0:54:49]} Nfd7 {[%clk
0:53:06]} 17. e4 {[%clk 0:53:28]} g6 {[%clk 0:50:25]} 18. Qh3 {[%clk 0:53:40]} b4
{[%clk 0:50:17]} 19. Na4 {[%clk 0:52:27]} Rad8 {[%clk 0:42:32]} 20. f4 {[%clk
0:49:44]} Nc4 {[%clk 0:40:10]} 21. f5 {[%clk 0:48:13]} Nde5 {[%clk 0:39:51]} 22.
fxg6 {[%clk 0:48:21]} fxg6 {[%clk 0:40:13]} 23. Bxc4 {[%clk 0:48:24]} dxc4 {[%clk
0:40:08]} 24. Qe6+ {[%clk 0:48:09]} 1-0

[Event "Greek Team Championship"]
[Site "chess24.com"]
[Date "2017.07.03"]
[Round "1"]
[White "Michna, Marta"]
[Black "Serefidou, Despina"]
[Result "1-0"]
[Board "5"]
[WhiteElo "2372"]
[WhiteTitle "WGM"]
[WhiteCountry "GER"]
[WhiteFideId "1106686"]
[WhiteEloChange "2"]
[BlackElo "1981"]
[BlackCountry "GRE"]
[BlackFideId "4218787"]
[BlackEloChange "-2"]

1. Nf3 {[%clk 1:30:43]} Nf6 {[%clk 1:30:36]} 2. d4 {[%clk 1:30:59]} e6 {[%clk
1:30:48]} 3. e3 {[%clk 1:29:53]} b6 {[%clk 1:28:55]} 4. Bd3 {[%clk 1:30:19]} Bb7
{[%clk 1:28:30]} 5. Nbd2 {[%clk 1:30:45]} c5 {[%clk 1:27:53]} 6. O-O {[%clk
1:30:59]} Be7 {[%clk 1:24:35]} 7. a3 {[%clk 1:30:37]} d6 {[%clk 1:22:34]} 8. Qe2
{[%clk 1:29:38]} O-O {[%clk 1:21:24]} 9. Rd1 {[%clk 1:29:02]} Qc7 {[%clk
1:20:21]} 10. e4 {[%clk 1:28:23]} cxd4 {[%clk 1:18:42]} 11. Nxd4 {[%clk 1:28:36]}
a6 {[%clk 1:17:02]} 12. N2f3 {[%clk 1:22:52]} Nbd7 {[%clk 1:10:23]} 13. Bf4
{[%clk 1:15:38]} Ne5 {[%clk 0:43:53]} 14. Nxe5 {[%clk 1:14:36]} dxe5 {[%clk
0:43:13]} 15. Bg3 {[%clk 1:15:02]} Bd6 {[%clk 0:39:34]} 16. Nb3 {[%clk 1:14:53]}
g6 {[%clk 0:23:49]} 17. Rd2 {[%clk 1:08:49]} Nh5 {[%clk 0:22:10]} 18. Rad1 {[%clk
1:09:04]} Nxg3 {[%clk 0:20:04]} 19. hxg3 {[%clk 1:09:26]} Rfd8 {[%clk 0:19:12]}
20. c3 {[%clk 1:06:33]} Be7 {[%clk 0:17:22]} 21. Qe3 {[%clk 1:04:33]} Bc6 {[%clk
0:11:40]} 22. Bc2 {[%clk 1:03:01]} a5 {[%clk 0:07:50]} 23. Nc1 {[%clk 1:00:45]}
a4 {[%clk 0:07:07]} 24. Rxd8+ {[%clk 0:58:20]} Rxd8 {[%clk 0:06:26]} 25. Rxd8+
{[%clk 0:58:35]} Qxd8 {[%clk 0:04:44]} 26. Nd3 {[%clk 0:59:00]} Qc7 {[%clk
0:01:57]} 27. g4 {[%clk 0:57:16]} Bb5 {[%clk 0:01:23]} 28. Qg3 {[%clk 0:53:21]}
Bxd3 {[%clk 0:00:57]} 29. Qxd3 {[%clk 0:52:39]} Qc6 {[%clk 0:01:03]} 30. Bd1
{[%clk 0:46:04]} Bg5 {[%clk 0:01:10]} 31. Be2 {[%clk 0:46:05]} Kg7 {[%clk
0:00:57]} 32. g3 {[%clk 0:45:27]} Qc5 {[%clk 0:00:47]} 33. Kf1 {[%clk 0:43:54]}
Qc6 {[%clk 0:00:52]} 34. Ke1 {[%clk 0:43:54]} Bc1 {[%clk 0:00:49]} 35. Qc2 {[%clk
0:44:05]} Bg5 {[%clk 0:00:49]} 36. Bd3 {[%clk 0:41:18]} Kf8 {[%clk 0:00:54]} 37.
Qe2 {[%clk 0:41:08]} f5 {[%clk 0:00:44]} 38. Kd1 {[%clk 0:39:16]} f4 {[%clk
0:00:39]} 39. gxf4 {[%clk 0:36:13]} exf4 {[%clk 0:00:36]} 40. Bb5 {[%clk
1:04:11]} Qd6+ {[%clk 0:30:43]} 41. Ke1 {[%clk 1:02:21]} Ke7 {[%clk 0:26:00]} 42.
Bxa4 {[%clk 1:01:36]} f3 {[%clk 0:24:49]} 43. Qxf3 {[%clk 1:01:13]} Qd2+ {[%clk
0:24:37]} 44. Kf1 {[%clk 1:01:31]} Qxb2 {[%clk 0:24:34]} 45. e5 {[%clk 0:51:20]}
Qc1+ {[%clk 0:16:32]} 46. Kg2 {[%clk 0:51:15]} Qf4 {[%clk 0:15:40]} 47. Qb7+
{[%clk 0:51:01]} Kf8 {[%clk 0:15:37]} 48. Bd1 {[%clk 0:44:09]} Qxe5 {[%clk
0:15:48]} 49. Qxb6 {[%clk 0:44:04]} Qxc3 {[%clk 0:08:17]} 50. a4 {[%clk 0:44:20]}
Bd2 {[%clk 0:04:24]} 51. Qxe6 {[%clk 0:42:35]} Kg7 {[%clk 0:00:59]} 52. Bb3
{[%clk 0:42:10]} Qd4 {[%clk 0:00:38]} 53. Bc4 {[%clk 0:35:33]} Qc3 {[%clk
0:00:39]} 54. Qf7+ {[%clk 0:31:04]} Kh6 {[%clk 0:01:05]} 55. f4 {[%clk 0:31:02]}
g5 {[%clk 0:00:42]} 56. Qh5+ {[%clk 0:30:43]} Kg7 {[%clk 0:01:10]} 57. Qxg5+
{[%clk 0:31:08]} Kf8 {[%clk 0:01:29]} 58. Qg8+ {[%clk 0:31:14]} Ke7 {[%clk
0:01:53]} 59. Qxh7+ {[%clk 0:31:13]} Kd6 {[%clk 0:01:55]} 60. Qe4 {[%clk
0:31:12]} Be1 {[%clk 0:01:05]} 61. Qd3+ {[%clk 0:31:30]} 1-0

[Event "Greek Team Championship"]
[Site "chess24.com"]
[Date "2017.07.03"]
[Round "1"]
[White "Houhouli, Hristina"]
[Black "Papathanasiou, Elisavet"]
[Result "1/2-1/2"]
[Board "6"]
[WhiteElo "1431"]
[WhiteCountry "GRE"]
[WhiteFideId "4247477"]
[WhiteEloChange "8"]
[BlackElo "1927"]
[BlackCountry "GRE"]
[BlackFideId "4222687"]
[BlackEloChange "-8"]

1. d4 {[%clk 1:30:56]} Nf6 {[%clk 1:30:52]} 2. Nf3 {[%clk 1:31:22]} e6 {[%clk
1:31:16]} 3. Nbd2 {[%clk 1:31:45]} c5 {[%clk 1:30:22]} 4. e3 {[%clk 1:32:07]} Nc6
{[%clk 1:30:10]} 5. b3 {[%clk 1:31:15]} b6 {[%clk 1:29:35]} 6. Bd3 {[%clk
1:30:06]} Nb4 {[%clk 1:29:39]} 7. O-O {[%clk 1:19:34]} Nxd3 {[%clk 1:30:01]} 8.
cxd3 {[%clk 1:19:55]} Bb7 {[%clk 1:28:20]} 9. Bb2 {[%clk 1:18:35]} Be7 {[%clk
1:28:09]} 10. dxc5 {[%clk 1:13:26]} bxc5 {[%clk 1:28:02]} 11. Nc4 {[%clk
1:12:03]} d6 {[%clk 1:28:02]} 12. Qe2 {[%clk 1:09:03]} O-O {[%clk 1:26:04]} 13.
Rac1 {[%clk 1:07:46]} Rc8 {[%clk 1:23:39]} 14. Rfd1 {[%clk 1:07:01]} Nd7 {[%clk
1:20:01]} 15. Nfd2 {[%clk 0:59:08]} Qc7 {[%clk 1:16:30]} 16. f4 {[%clk 0:50:48]}
Bf6 {[%clk 1:10:09]} 17. Bxf6 {[%clk 0:43:01]} Nxf6 {[%clk 1:10:31]} 18. e4
{[%clk 0:42:28]} Rfd8 {[%clk 1:06:54]} 19. Nf3 {[%clk 0:35:35]} d5 {[%clk
1:05:33]} 20. Nce5 {[%clk 0:27:11]} dxe4 {[%clk 1:05:33]} 21. Ng5 {[%clk
0:26:34]} exd3 {[%clk 1:04:55]} 22. Rxd3 {[%clk 0:25:56]} Rxd3 {[%clk 0:59:58]}
23. Qxd3 {[%clk 0:25:27]} Qb6 {[%clk 0:58:40]} 24. Kh1 {[%clk 0:17:20]} Qb4
{[%clk 0:24:24]} 25. Rd1 {[%clk 0:13:19]} Bd5 {[%clk 0:21:31]} 26. Ngxf7 {[%clk
0:07:10]} Qxf4 {[%clk 0:21:11]} 27. Rf1 {[%clk 0:07:02]} Qe4 {[%clk 0:17:47]} 28.
Qg3 {[%clk 0:06:09]} h5 {[%clk 0:12:27]} 29. Nd6 {[%clk 0:04:26]} h4 {[%clk
0:11:54]} 30. Qg5 {[%clk 0:02:02]} Qe2 {[%clk 0:11:28]} 31. Ra1 {[%clk 0:00:55]}
Rf8 {[%clk 0:09:32]} 32. Ng6 {[%clk 0:00:45]} Rd8 {[%clk 0:02:22]} 33. Ne7+
{[%clk 0:00:50]} Kf8 {[%clk 0:02:37]} 34. Ng6+ {[%clk 0:01:11]} Kg8 {[%clk
0:02:55]} 35. Ne7+ {[%clk 0:01:36]} Kf8 {[%clk 0:02:24]} 36. Ng6+ {[%clk
0:02:01]} Kg8 {[%clk 0:02:38]} 37. Ne7+ {[%clk 0:01:57]} 1/2-1/2

[Event "Greek Team Championship"]
[Site "chess24.com"]
[Date "2017.07.03"]
[Round "1"]
[White "Skiadopoulou, Afroditi-Lelouda"]
[Black "Batsi, Varvara"]
[Result "1-0"]
[Board "7"]
[WhiteElo "1469"]
[WhiteCountry "GRE"]
[WhiteFideId "4290712"]
[WhiteEloChange "3"]
[BlackElo "1133"]
[BlackCountry "GRE"]
[BlackFideId "25820575"]
[BlackEloChange "-3"]

1. e4 {[%clk 1:30:57]} e5 {[%clk 1:30:47]} 2. Nf3 {[%clk 1:31:22]} Nc6 {[%clk
1:30:36]} 3. Nc3 {[%clk 1:31:46]} Nf6 {[%clk 1:30:27]} 4. Bb5 {[%clk 1:32:10]} a6
{[%clk 1:29:34]} 5. Ba4 {[%clk 1:32:30]} d6 {[%clk 1:27:48]} 6. d3 {[%clk
1:32:20]} Be7 {[%clk 1:19:26]} 7. O-O {[%clk 1:30:12]} O-O {[%clk 1:18:12]} 8.
Ne2 {[%clk 1:25:42]} b5 {[%clk 1:07:31]} 9. Bb3 {[%clk 1:26:02]} Bb7 {[%clk
1:06:22]} 10. c3 {[%clk 1:25:43]} Qd7 {[%clk 1:01:50]} 11. Ng3 {[%clk 1:21:46]}
Na5 {[%clk 0:50:20]} 12. Bc2 {[%clk 1:21:40]} c5 {[%clk 0:49:42]} 13. Nf5 {[%clk
1:04:34]} Rfd8 {[%clk 0:32:53]} 14. N3h4 {[%clk 0:44:09]} d5 {[%clk 0:21:28]} 15.
Qf3 {[%clk 0:33:29]} Bf8 {[%clk 0:10:50]} 16. Bg5 {[%clk 0:24:54]} Qe6 {[%clk
0:10:22]} 17. Nh6+ {[%clk 0:10:42]} Kh8 {[%clk 0:08:23]} 18. Bxf6 {[%clk
0:08:10]} gxf6 {[%clk 0:07:45]} 19. Qh5 {[%clk 0:05:16]} Bxh6 {[%clk 0:07:33]}
20. Qxh6 {[%clk 0:05:35]} Rg8 {[%clk 0:07:29]} 21. Nf5 {[%clk 0:04:07]} Rg6
{[%clk 0:06:35]} 22. Qe3 {[%clk 0:03:53]} Rag8 {[%clk 0:06:37]} 23. g3 {[%clk
0:02:35]} d4 {[%clk 0:06:43]} 24. cxd4 {[%clk 0:02:43]} cxd4 {[%clk 0:07:06]} 25.
Qd2 {[%clk 0:03:01]} Nc6 {[%clk 0:07:12]} 26. Bb3 {[%clk 0:03:21]} Qd7 {[%clk
0:06:14]} 27. a4 {[%clk 0:02:10]} Na7 {[%clk 0:05:25]} 28. axb5 {[%clk 0:01:46]}
Nxb5 {[%clk 0:05:48]} 29. Bc4 {[%clk 0:01:52]} Ra8 {[%clk 0:02:07]} 30. Qb4
{[%clk 0:01:37]} Re8 {[%clk 0:01:17]} 31. Ra5 {[%clk 0:01:25]} h6 {[%clk
0:00:55]} 32. Bxb5 {[%clk 0:01:28]} axb5 {[%clk 0:01:18]} 33. Qxb5 {[%clk
0:01:44]} Qxb5 {[%clk 0:01:24]} 34. Rxb5 {[%clk 0:02:07]} Ba6 {[%clk 0:01:49]}
35. Rb3 {[%clk 0:02:02]} Rd8 {[%clk 0:01:17]} 36. Rd1 {[%clk 0:01:55]} Kh7 {[%clk
0:01:16]} 37. Rb6 {[%clk 0:02:11]} Bc8 {[%clk 0:00:50]} 38. Ne7 {[%clk 0:02:08]}
Rg7 {[%clk 0:00:44]} 39. Rb8 {[%clk 0:02:19]} Bg4 {[%clk 0:00:51]} 40. Rxd8
{[%clk 0:32:01]} Bxd1 {[%clk 0:31:13]} 41. Nd5 {[%clk 0:31:51]} Rg6 {[%clk
0:30:20]} 42. Ne7 {[%clk 0:31:54]} Rg7 {[%clk 0:30:30]} 43. Kf1 {[%clk 0:32:05]}
Bc2 {[%clk 0:30:12]} 44. Ke2 {[%clk 0:32:28]} Rg5 {[%clk 0:29:20]} 45. Kd2 {[%clk
0:32:35]} Bb3 {[%clk 0:29:03]} 46. Rb8 {[%clk 0:32:17]} Be6 {[%clk 0:28:57]} 47.
b4 {[%clk 0:31:32]} f5 {[%clk 0:28:34]} 48. exf5 {[%clk 0:30:56]} Bxf5 {[%clk
0:28:53]} 49. b5 {[%clk 0:29:25]} Bd7 {[%clk 0:28:50]} 50. b6 {[%clk 0:29:04]} e4
{[%clk 0:28:27]} 51. dxe4 {[%clk 0:28:52]} Re5 {[%clk 0:28:33]} 52. Nd5 {[%clk
0:28:32]} Bc6 {[%clk 0:28:12]} 53. b7 {[%clk 0:28:32]} Bxb7 {[%clk 0:27:40]} 54.
Rxb7 {[%clk 0:28:54]} Kg7 {[%clk 0:27:41]} 55. Kd3 {[%clk 0:29:11]} Re6 {[%clk
0:24:59]} 56. Kxd4 {[%clk 0:29:21]} 1-0